Sistema de revisión y calificación de exámenes de selección Múltiple

Presenta el sistema de revisión y corrección de exámenes en los centros de enseñanza superior y media. La viabilidad de este sistema radica en la reducción del tiempo de elaboración y corrección de exámenes para evaluar a los estudiantes. El mantenimiento de este sistema no conlleva muchos c...

Full description

Bibliographic Details
Main Authors: Guadamuz Carmona, María Mercedes, Méndez Flores, Ligia Marcelina
Other Authors: Tutor: Quintana Bonilla, Marisela
Format: Tesis Section = Libro
Language:Undetermined
Spanish
Published: Managua UNI 1997
Subjects:
LEADER 01288nam a2200253Ia 4500
008 240830s9999 xx 000 0 und d
040 |a BIBLIOTECA-RUSB/ Mon 620.7 G897 
041 |a spa 
082 |a Mon 620.7 G897 
100 1 |a Guadamuz Carmona, María Mercedes 
100 1 |b  Méndez Flores, Ligia Marcelina 
245 1 0 |a Sistema de revisión y calificación de exámenes de selección Múltiple 
260 |a Managua  |b UNI  |c 1997 
300 |a 202 p. :il. 
500 |a Contiene: anexos y glosarios. 
502 |a Tesis (Ingeniero en Computación) - UNI, 1997. 
520 3 |a Presenta el sistema de revisión y corrección de exámenes en los centros de enseñanza superior y media. La viabilidad de este sistema radica en la reducción del tiempo de elaboración y corrección de exámenes para evaluar a los estudiantes. El mantenimiento de este sistema no conlleva muchos costos, ya que ha sido desarrollado sobre una base de datos muy utilizada y de bajo costo. La interfaz del sistema con el usuario es amigable e intuitiva y por tanto de fácil entendimiento. 
650 7 |a INGENIERIA DE SISTEMAS 
650 7 |b  SISTEMAS DE CALIFICACION 
650 7 |c  EXAMENES 
700 1 |a Tutor:  |b Quintana Bonilla, Marisela 
942 |c BK  |2 ddc 
991 |a TESIS 
999 |c 20035